000
00211 a2200097 4500
001
9160
100
_a
Akhtar, S.M.
245
_a
Pakistan A developing economy
260
_a
_b
Pub united
_c
090
_c
7336
_d
7336
942
_a
NUST-CAE
_c
M
_c
33974
999
_c
244233
_d
244233